000 00974 a2200253 4500
999 _c5536
_d5536
020 _a0821357670
050 0 0 _aRA 427.8 WAG 2004
100 1 _aWagstaff, Adam.
_eAuthor
245 1 4 _aThe millennium development goals for health:
_brising to the challenges /
_cby Adam Wagstaff and Mariam Claeson.
264 _aWashington:
_bThe World Bank,
_c2004
300 _axv, 186 p. :
_bill. ;
500 _aCheck World Bank website for a viewable PDF version of this document.
504 _aIncludes bibliographical references and index.
650 0 _aHealth promotion.
650 0 _aHealth promotion
650 0 _aMedical policy.
650 0 _aMedical policy
650 0 _aHealth planning.
650 0 _aHealth planning
700 1 _aClaeson, Mariam.
_eAuthor
710 1 _aWorld Bank.
942 _2lcc
_cBK
_h427.8
_iWAG
_kRA